Unintentional Online Meeting of Partners: Specific Features, Attitudes, Experiences – Case Study in Serbia

Prípadová štúdia v Srbsku prezentuje výsledky prieskumu špecifických znakov zapojených do procesu neúmyselného stretnutia partnerov v online prostredí internetu. Výhody a nevýhody používania internetu ako vhodného prostriedku pre verbálnu komunikáciu.

Saved in:
Bibliographic Details
Main Author: Ivkovic, Marija
Other Authors: Devedzic, Mirjana
Format: Book Chapter
Language:English
Subjects:
Tags: Add Tag
No Tags, Be the first to tag this record!

MARC

LEADER 00000naa a2200000 4500
001 0211547
005 20231208094329.3
041 0 |a eng 
044 |a SK 
245 1 0 |a Unintentional Online Meeting of Partners: Specific Features, Attitudes, Experiences – Case Study in Serbia  |c Marija Ivkovic, Mirjana Devedzic 
520 |a Prípadová štúdia v Srbsku prezentuje výsledky prieskumu špecifických znakov zapojených do procesu neúmyselného stretnutia partnerov v online prostredí internetu. Výhody a nevýhody používania internetu ako vhodného prostriedku pre verbálnu komunikáciu. 
610 2 0 |a Srbsko 
610 2 0 |a internet 
610 2 0 |a siete sociálne 
610 2 0 |a komunikácia elektronická 
610 2 0 |a komunikácia sociálna 
610 2 0 |a vzťahy medziľudské 
610 2 0 |a štúdie prípadové 
100 1 |a Ivkovic, Marija 
700 1 |a Devedzic, Mirjana